00295nam a2200121Ia 4500008004100000020002200041041000800063082001200071100001600083245004600099260002000145300000800165230718s2007 xx 000 0 und d a978-0-7506-7480-5 aeng a617.752 aBROOKS C.W. aSYSTEM FOR OPHTHALMIC DISPENSING, 3RD ED. bElsevier c2007 a665